00529 a2200157 4500010001400000020002200014035001300036037001500049082001200064100001600076245006000092260005800152270005400210300003000264490007700294 aENG-88965 a8185141495c65.00 aEN-72498 bDBAD / Pub14a181.4991 aKazanas, N.10aThe dialogues of plato and the upanisadscby N. Kazanas aChennaibThe Adyar Library and Reseatrch Centrec2005 aThe Theosophical Society, AdyarbChennaie600 020 avii, 35 p.c22 cm ( pbk.) aThe Adyar Library pamphlet series/ edited by S. Sankaranarayanan; no.57